000 00405nab a2200145Ia 4500
003 ES-SlBCS
005 20210601133248.0
008 140529s2004 xxu||||| |||| 00| 0 ita d
041 _aita
100 1 _aScaglia, Salvatore
_9203581
245 0 0 _aLa società giusta
_c Salvatore Scaglia
650 0 4 _aSociedad Justa
_9155915
773 0 _tSegno
_gvol. 30, nº. 252, 2004, págs. 19-21
_wRev932
942 _cAR
999 _c593446
_d593446